书目信息 |
| 题名: |
数学分析讲义学习辅导书
|
|
| 作者: | 刘玉琏 , 刘玉琏 编 | |
| 分册: | 下册 | |
| 出版信息: | 北京 高等教育出版社 2003.12 |
|
| 页数: | 431页 | |
| 开本: | 21cm | |
| 丛书名: | ||
| 单 册: | ||
| 中图分类: | O17 , O17-42 | |
| 科图分类: | ||
| 主题词: | 数学分析--高等学校--教学参考资料 | |
| 电子资源: | ||
| ISBN: | 7-04-012940-X | |
| 000 | 00768nam0 2200253 45 | |
| 001 | 012004000000 | |
| 005 | 20060928104019.15 | |
| 010 | @a7-04-012940-X@dCNY 17.20 | |
| 100 | @a20040630d2003 em y0chiy0121 ea | |
| 101 | 0 | @achi |
| 102 | @aCN@b110000 | |
| 105 | @aak z 000yy | |
| 200 | 1 | @a数学分析讲义学习辅导书@Ashu xue fen xi jiang yi xue xi fu dao shu@h下册@f刘玉琏等编@FLiu Yu Lian Deng Bian |
| 205 | @a第2版 | |
| 210 | @a北京@c高等教育出版社@d2003.12 | |
| 215 | @a431页@c图, 表格@d21cm | |
| 304 | @a本书其他编者: 杨奎元, 刘伟, 吕凤 | |
| 606 | 0 | @a数学分析@x高等学校@j教学参考资料 |
| 690 | @aO17@v4 | |
| 690 | @aO17-42@v3 | |
| 701 | 0 | @a刘玉琏@Aliu yu lian@4编 |
| 701 | 0 | @a刘玉琏@ALiu Yu Lian@4编 |
| 801 | 0 | @aCN@c20060928 |
| 905 | @dO17-42@eL713:2 | |
| 数学分析讲义学习辅导书.下册/刘玉琏等编.-第2版.-北京:高等教育出版社,2003.12 |
| 431页:图, 表格;21cm |
| ISBN 7-04-012940-X:CNY 17.20 |
| ● |
| 相关链接 |
|
|
|
正题名:数学分析讲义学习辅导书
索取号:O17-42/L713:2
 
预约/预借
| 序号 | 登录号 | 条形码 | 馆藏地/架位号 | 状态 | 备注 |
| 1 | 388487 | 203884877 | 自科库401/401自科库 43排5列3层/ [索取号:O17-42/L713:2] | 在馆 | |
| 2 | 388488 | 203884886 | 自科库401/401自科库 43排5列3层/ [索取号:O17-42/L713:2] | 在馆 | |
| 3 | 388489 | 203884895 | 自科库401/401自科库 43排5列3层/ [索取号:O17-42/L713:2] | 在馆 | |
| 4 | 599597 | 205995976 | 数理学院资料室/ [索取号:O17-42/L713:2] | 在馆 | |
| 5 | 599598 | 205995985 | 自科库401/401自科库 43排3列3层/ [索取号:O17-42/L713:2] | 在馆 |